000 00343nam a2200157Ia 4500
100 _aCheremisinoff N.P.
650 _aElectrical Engineering
942 _cBK
654 _aHeat
245 _aHeat transfer Handbook
260 _bJaico Pub
_aBombay
_c1994
082 _a621.4022
_bPAN
300 _a853
546 _aENGLISH
999 _c26009
_d26009